UBT Library

An introduction to econometric forecasting and forecasting models / (Record no. 41395)

000 -LEADER
fixed length control field 00628cam a2200217 i 4500
001 - CONTROL NUMBER
control field 4643983
005 - DATE AND TIME OF LATEST TRANSACTION
control field 20180131080256.0
008 - FIXED-LENGTH DATA ELEMENTS--GENERAL INFORMATION
fixed length control field 790724s1980 maua b 001 0 eng
010 ## - LIBRARY OF CONGRESS CONTROL NUMBER
LC control number 79001542
020 ## - INTERNATIONAL STANDARD BOOK NUMBER
International Standard Book Number 0669028967
040 ## - CATALOGING SOURCE
Original cataloging agency DLC
Transcribing agency DLC
Modifying agency DLC
041 ## - LANGUAGE CODE
Language code of text/sound track or separate title eng
080 ## - UNIVERSAL DECIMAL CLASSIFICATION NUMBER
Universal Decimal Classification number 330.0182 lav
082 00 - DEWEY DECIMAL CLASSIFICATION NUMBER
Classification number 330.0182 lav
100 1# - Rafti
Rafti 52
101 ## - Shkurtesa
Shkurtesa eco
245 13 - TITLE STATEMENT
Title An introduction to econometric forecasting and forecasting models /
Statement of responsibility, etc Lawrence R. Klein, Richard M. Young.
504 ## - BIBLIOGRAPHY, ETC. NOTE
Bibliography, etc Includes bibliographical references and index.
906 ## - LOCAL DATA ELEMENT F, LDF (RLIN)
a 7
b cbc
c orignew
d 1
e ocip
f 19
g y-gencatlg
942 ## - ADDED ENTRY ELEMENTS (KOHA)
Source of classification or shelving scheme
Item type Books
Holdings
Withdrawn status Lost status Source of classification or shelving scheme Damaged status Not for loan Collection code Permanent location Current location Shelving location Date acquired Total Checkouts Full call number Barcode Date last seen Price effective from Koha item type
          Koleksioni i përgjithshem UBT - Lipjan UBT - Lipjan Koleksioni i përgjithshem 01/31/2018   330.0182 lav 002-2998018 01/31/2018 01/31/2018 Books
UBT Library © 2015-2024. All rights reserved University Education for Business and Technology